Statistiken für VfL Wolfsburg Frauen Kader 23/24

Klicken Sie hier um das Quiz zu spielen!

Allgemein

  • Dieses Quiz wurde 158 mal gespielt
    (59 seit der letzten Aktualisierung)
  • Das Durchschnittsergebnis liegt bei 19 aus 27

Antwortstatistiken

#NationPositionAntwort% Korrekt
5DeutschlandMittelfeldLena Oberdorf
98%
1DeutschlandTorMerle Frohms
98%
11DeutschlandAngriffAlexandra Popp
96%
9PolenAngriffEwa Pajor
93%
29DeutschlandMittelfeldJule Brand
93%
31DeutschlandAbwehrMarina Hegering
93%
4DeutschlandAbwehrKathrin Hendrich
89%
6NiederlandeAbwehrDominique Janssen
87%
2NiederlandeAbwehrLynn Wilms
87%
23IslandMittelfeldSveindis Jonsdottir
85%
10DeutschlandMittelfeldSvenja Huth
85%
8DeutschlandMittelfeldLena Lattwein
83%
DeutschlandTrainerTommy Stroot
83%
25DeutschlandAngriffVivien Endemann
70%
21SchwedenAngriffRebecka Blomqvist
65%
22DeutschlandTorLisa Schmitz
63%
28DeutschlandAngriffTabea Sellner
63%
7DeutschlandMittelfeldChantal Hagel
61%
19NiederlandeAngriffFenna Kalma
61%
24DeutschlandAbwehrJoelle Wedemeyer
57%
17DeutschlandMittelfeldKristin Demann
50%
30DeutschlandTorAnneke Borbe
48%
16DeutschlandAbwehrCamilla Küver
48%
27SchweizMittelfeldRiola Xhemaili
46%
15UngarnAbwehrDiana Nemeth
37%
32DeutschlandTorKiara Beck
37%
14SpanienAbwehrNuria Rabano Blanco
33%

Verteilung der Resultate

Perzentil nach korrekt beantworteten Fragen

Anzahl Personen mit jedem Resultat

Ihre Resultats-Entwicklung

Sie haben dieses Quiz seit der letzten Aktualisierung nicht gespielt